Normal view MARC view

Entry Término temático

Number of records used in: 7

001 - NÚMERO DE CONTROL

  • campo de control: 16664

003 - IDENTIFICADOR DE NÚMERO DE CONTROL

  • campo de control: OSt

005 - FECHA Y HORA DE LA ÚLTIMA TRANSACCIÓN

  • campo de control: 20250901080022.0

008 - ELEMENTOS DE DATO DE LONGITUD-FIJA

  • campo de control de longitud fija: 071018 n acnnnaaan n bnn d

040 ## - FUENTE DE CATALOGACIÓN

  • Centro catalogador/agencia de origen: OSt
  • Centro/agencia transcriptor: OSt

150 ## - ENCABEZAMIENTO--TÉRMINO DE MATERIA

  • Término de materia o nombre geográfico como elemento de entrada: Radios

450 ## - TRAZADO DE VÉASE--TÉRMINO DE MATERIA

  • Término de materia o nombre geográfico como elemento de entrada: Aparatos de radio

450 ## - TRAZADO DE VÉASE--TÉRMINO DE MATERIA

  • Término de materia o nombre geográfico como elemento de entrada: Aparatos radiorreceptores

450 ## - TRAZADO DE VÉASE--TÉRMINO DE MATERIA

  • Subcampo de control: nne
  • Término de materia o nombre geográfico como elemento de entrada: Radio-
  • Subdivisión general: Receptores

450 ## - TRAZADO DE VÉASE--TÉRMINO DE MATERIA

  • Término de materia o nombre geográfico como elemento de entrada: Radiorreceptores

450 ## - TRAZADO DE VÉASE--TÉRMINO DE MATERIA

  • Término de materia o nombre geográfico como elemento de entrada: Receptores de radio